| 000 | 00782nam a22002177a 4500 | ||
|---|---|---|---|
| 999 |
_c4504 _d4504 |
||
| 001 | 9848 | ||
| 003 | BD-DhUAP | ||
| 005 | 20201111160334.0 | ||
| 008 | 201111s2006 bg a|||| |||| 00| 0 ben d | ||
| 020 | _a8129506521 | ||
| 040 |
_aBD-DhUAP _bBen _cBD-DhUAP _dBD-DhUAP |
||
| 082 |
_223 _a954.922 RAY |
||
| 100 | _aরায়, আনন্দনাথ। | ||
| 245 |
_aফরিদপুরের ইতিহাস / _cআনন্দনাথ রায়। |
||
| 250 | _a১ম সং.। | ||
| 260 |
_aকলকাতা : _bদে'জ পাবলিশিং, _c২০০৬। |
||
| 300 |
_a৫৬৮ পৃষ্ঠা ; _c২২ সেমি.। |
||
| 500 | _aনির্ঘণ্ট সম্বলিত। | ||
| 651 |
_aFaridpur, Bangladesh _vhistory. |
||
| 942 |
_2ddc _cBK |
||